000 00726nam a2200229 a 4500
001 66535
003 BD-RjUL
005 20211209081543.0
008 831213s1984 nyua b 000 0 eng d
020 _a047187910X
035 _a(BD-RjUL)66665
040 _cBD-RjUL
_dBD-RjUL
_beng
_aBD-RjUL
041 _aeng
082 0 0 _a629.4
_223
_bCLA 1984
100 1 _aClarke, Arthur C.
_q(Arthur Charles),
_d1917-2008.
_926188
245 1 0 _aAscent to orbit :
_ba scientific autobiography : the technical writings of Arthur C. Clarke /
_cArthur C Clarke
260 _aNew York :
_bWiley,
_c1984.
300 _aviii, 226 p. :
_bill. ;
_c29 cm.
504 _aIncludes bibliographies.
650 0 _aAstronautics.
_9196936
942 _2ddc
_cBK
999 _c66535
_d66535